The Dirac Equation /

Gespeichert in:
Bibliographische Detailangaben
1. Verfasser: Thaller, Bernd (Verfasst von)
Format: Buch
Sprache:Deutsch
Veröffentlicht: Berlin : Springer Verlag, 1992
Schriftenreihe:Texts and Monographs in Physics
Tags: Tag hinzufügen
Keine Tags, Fügen Sie das erste Tag hinzu!

MARC

LEADER 00000nam a22000003a 4500
001 stu31587
005 20150617225736.3
008 940223s1992----gw------------------ger-d
020 |a 3-540-54883-1 
040 |a STU  |b slo 
041 0 |a ger 
044 |a gw 
080 |a 530.145.63  |7 stu_us_auth*stu3125 
100 1 |a Thaller, Bernd  |4 aut 
245 1 |a The Dirac Equation /  |c [aut.] Thaller,Bernd 
260 |a Berlin :  |b Springer Verlag,  |c 1992 
300 |a 357 s 
830 0 |a Texts and Monographs in Physics 
996 |b J90527  |c J*90527  |l JJST  |s P  |a 0  |w stu31587_0001